| 000 | 01080cam a22003137a 4500 | ||
|---|---|---|---|
| 003 | CHAP | ||
| 005 | 20220329143052.0 | ||
| 008 | 051129d2005 mx a r 00110 spa d | ||
| 010 | _a91458 | ||
| 011 | _a92430 | ||
| 035 | _a102994 | ||
| 040 | _cCHAP | ||
| 090 | _aTesis | ||
| 100 | 0 | 0 |
_aCamacho Luna, Maura. _917687 |
| 245 | 1 | 0 |
_aAlternativas para disminuir las poblaciones de insectos vectores y la incidencia de virosis en calabacita _c/por Maura Camacho Luna |
| 260 |
_aCocula, Gro. : _bEl autor, _c2005. |
||
| 300 |
_a132 h. : _bilus. |
||
| 502 | _aTesis (Ing. Agr. Fitotecnista) - - Colegio Superior Agropecuario del Estado de Guerrero | ||
| 590 |
_aALEPH _b10 _c20130110 _lUCH01 _h1508 |
||
| 590 |
_aBATCH-UPD _b10 _c20130110 _lUCH01 _h0127 |
||
| 590 |
_aBATCH-UPD _b10 _c20130110 _lUCH01 _h1553 |
||
| 590 |
_aCONVERSION _b10 _c20130109 _lUCH01 _h1351 |
||
| 650 | 1 | 4 |
_aCalabaza _xPlagas. _917289 |
| 650 | 1 | 4 |
_aCalabaza _zEnfermedades por virus. _917305 |
| 901 | _aBK | ||
| 905 | _aLilia | ||
| 942 | _cTESIS | ||
| 949 |
_aTesis _bBC _cTES _d33724000969994 _eTS1 _h44418 _i102994 _sb |
||
| 999 |
_c91458 _d91458 |
||